| 000 | 00445nam a22001577a 4500 | ||
|---|---|---|---|
| 020 | _a9789380358178 | ||
| 082 |
_a604.2 _bBHA/EN |
||
| 100 |
_aBhatt, N.D _91433 |
||
| 245 | _aEngineering Drawing: Plane and Solid Geometry | ||
| 250 | _a15th rev and enlarged/ 51 st | ||
| 260 |
_aAnand, Gujarat _bCharotar Publishing House Pvt. Ltd _c2012 |
||
| 300 | _a712, 727 | ||
| 700 |
_aPanchal, V.M _91434 |
||
| 700 |
_aIngle, Pramod R _91435 |
||
| 942 | _cBK | ||
| 999 |
_c13644 _d13644 |
||